000 01131cam a22001934a 4500
999 _c5308
_d5308
020 _a0130809837
022 _a9780130809834
050 0 0 _aHM1033
_b.V66
100 1 _aVon der Haar, Christine M.
245 1 0 _aSocial psychology :
_ba sociological perspective /
_cChristine M. Von Der Haar.
250 _a1st ed.
260 _aUpper Saddle River, N.J. :
_bPearson Prentice Hall,
_c2005.
300 _axx, 491 p. :
_bill. ;
_c24 cm.
500 _aIncludes bibliographical references and index
505 _aCh. 1. The scientific foundations of psychology -- Ch. 2. Primary socialization -- Ch. 3. Socialization and the life course -- Ch. 4. The self -- Ch. 5. Person perception -- Ch. 6. Attitudes and attitude change -- Ch. 7. The ABCs of interpersonal relationships -- Ch. 8. Dimensions of love and marital relationships -- Ch. 9. Altruism and moral development -- Ch. 10. Aggression -- Ch. 11. Prejudice -- Ch. 12. Conformity, compliance, and obedience -- Ch. 13. Groups and organizations -- Ch. 14. Collective behavior and social movements.
650 0 _aSocial psychology.
650 0 _aSociology.
942 _cBK